[Event "Frome Open 2018"]
[Site "Frome ENG"]
[Date "2018.05.18"]
[Round "1.1"]
[White "Small, Simon"]
[Black "de Coverly, Roger D"]
[Result "0-1"]
[WhiteElo "2245"]
[BlackElo "1943"]
[PlyCount "94"]
[EventDate "2018.??.??"]
[SourceVersionDate "2018.05.20"]

1. d4 Nf6 2. Nc3 c5 3. d5 d6 4. e4 g6 5. Nf3 Bg7 6. Be2 O-O 7. O-O Na6 8. h3
Nc7 9. a4 a6 10. Re1 Bd7 11. a5 Nb5 12. Nxb5 axb5 13. e5 dxe5 14. Nxe5 Rxa5 15.
Rxa5 Qxa5 16. Bf3 Bf5 17. c3 Rd8 18. Ng4 Bxg4 19. hxg4 e6 20. d6 Qb6 21. Bf4
Nd7 22. g5 b4 23. Qc2 bxc3 24. bxc3 Qa5 25. Bxb7 Qxc3 26. Qe4 Qb4 27. Rc1 Qxe4
28. Bxe4 Bd4 29. Be3 e5 30. Bxd4 exd4 31. Kf1 Nf8 32. Rxc5 Rxd6 33. Ke2 Ne6 34.
Ra5 Rb6 35. g3 Rb2+ 36. Kf3 Kg7 37. Rd5 Rb3+ 38. Ke2 Rc3 39. Kd2 Rc5 40. Kd3
Rxd5 41. Bxd5 Nxg5 42. Kxd4 Kf6 43. f4 Ne6+ 44. Ke4 h5 45. Bc4 Ng7 46. Kf3 Nf5
47. g4 hxg4+ 0-1

[Event "Frome Open 2018"]
[Site "Frome ENG"]
[Date "2018.05.18"]
[Round "1.2"]
[White "Waterfield, John W"]
[Black "Jones, Steven A"]
[Result "0-1"]
[WhiteElo "1942"]
[BlackElo "2225"]
[PlyCount "64"]
[EventDate "2018.??.??"]
[SourceVersionDate "2018.05.20"]

1. e4 d5 2. exd5 Qxd5 3. Nc3 Qd6 4. d4 g6 5. Nf3 Bg7 6. g3 c6 7. Bg2 Bg4 8. Be3
Nf6 9. h3 Bxf3 10. Qxf3 Nbd7 11. O-O Nb6 12. b3 Nbd5 13. Ne4 Nxe4 14. Qxe4 Nxe3
15. Qxe3 Bxd4 16. Qf3 Bxa1 17. Rxa1 Qf6 18. Qxf6 exf6 19. Re1+ Kd7 20. c4 Rhe8
21. Kf1 Kc7 22. Re3 Rxe3 23. fxe3 Rd8 24. Ke2 Kb6 25. b4 a5 26. a3 axb4 27.
axb4 Ra8 28. Kd3 Ra3+ 29. Kd4 Rb3 30. c5+ Kb5 31. Bf1+ Kxb4 32. Bc4 Rxe3 0-1

[Event "Frome Open 2018"]
[Site "Frome ENG"]
[Date "2018.05.18"]
[Round "1.3"]
[White "Abicht, Till Konstantin"]
[Black "Littleton, Mark"]
[Result "1-0"]
[WhiteElo "2183"]
[BlackElo "1937"]
[PlyCount "53"]
[EventDate "2018.??.??"]
[SourceVersionDate "2018.05.20"]

1. d4 Nf6 2. Nf3 e6 3. g3 d5 4. Bg2 Be7 5. O-O O-O 6. c4 c6 7. b3 Nbd7 8. Bb2
b6 9. Nbd2 Bb7 10. Rc1 Rc8 11. Ne5 Nxe5 12. dxe5 Nd7 13. e3 b5 14. Qg4 Qa5 15.
Qd4 Bc5 16. Qd3 Qxa2 17. Bc3 Qa6 18. Ra1 bxc4 19. bxc4 Qb6 20. Ba5 Qb2 21. Rab1
Qxe5 22. Rxb7 Qd6 23. Ne4 Qe5 24. Rxd7 dxe4 25. Bxe4 f5 26. Bxc6 Rxc6 27. Bc3
1-0

[Event "Frome Open 2018"]
[Site "Frome ENG"]
[Date "2018.05.18"]
[Round "1.4"]
[White "Ward, Julian D"]
[Black "Weatherlake, John P"]
[Result "0-1"]
[WhiteElo "1937"]
[BlackElo "2132"]
[PlyCount "82"]
[EventDate "2018.??.??"]
[SourceVersionDate "2018.05.20"]

1. d4 d6 2. c4 e5 3. dxe5 dxe5 4. Qxd8+ Kxd8 5. Nc3 Be6 6. e3 Nd7 7. Nf3 f6 8.
a3 a5 9. b3 Nh6 10. Bb2 c6 11. Be2 Kc7 12. O-O Nc5 13. Nd2 Rd8 14. Rfd1 Rxd2
15. Rxd2 Nxb3 16. Rad1 Nxd2 17. Rxd2 Be7 18. h3 Nf7 19. Na4 b6 20. Kf1 Nd8 21.
g4 h5 22. f3 hxg4 23. hxg4 Rh4 24. e4 Nb7 25. Kg2 Rh8 26. Kg3 Bd6 27. Kg2 Bd7
28. Nc3 Nc5 29. Nd1 Ne6 30. Kg1 Nf4 31. Bf1 Be6 32. Ne3 Bc5 33. Kf2 Rh2+ 34.
Ke1 Rh1 35. Kf2 Bxe3+ 36. Kxe3 Rxf1 37. g5 Bxc4 38. gxf6 gxf6 39. Rh2 Re1+ 40.
Kd2 Re2+ 41. Rxe2 Nxe2 0-1

[Event "Frome Open 2018"]
[Site "Frome ENG"]
[Date "2018.05.18"]
[Round "1.5"]
[White "Stoyanov, Viktor"]
[Black "Bourne, Jonathan"]
[Result "1-0"]
[WhiteElo "2129"]
[BlackElo "1934"]
[PlyCount "89"]
[EventDate "2018.??.??"]
[SourceVersionDate "2018.05.20"]

1. d4 Nf6 2. Nf3 g6 3. Nbd2 d5 4. e3 Bg7 5. b4 O-O 6. Bb2 Nbd7 7. c4 c6 8. Be2
b6 9. O-O Bb7 10. Qb3 Rb8 11. cxd5 cxd5 12. Rfc1 Rc8 13. a4 Rxc1+ 14. Rxc1 Qb8
15. a5 Rc8 16. a6 Rxc1+ 17. Bxc1 Qc8 18. Qa3 Ba8 19. Bb2 Ne4 20. Qb3 Ndf6 21.
b5 Qc7 22. h3 g5 23. Nxe4 Nxe4 24. Ne5 Bxe5 25. dxe5 e6 26. Bd3 Nc5 27. Qc2 h6
28. Bd4 Kg7 29. Qc3 Qe7 30. Bc2 Ne4 31. Qc8 Qf8 32. Qxf8+ Kxf8 33. f3 Nc5 34.
Kf2 Nd7 35. Kg3 Kg7 36. h4 gxh4+ 37. Kxh4 f6 38. exf6+ Nxf6 39. g4 Kf7 40. f4
Ke7 41. Bg6 Ne8 42. Bxe8 Kxe8 43. Kh5 Kf7 44. Kxh6 Kg8 45. Kg6 1-0

[Event "Frome Open 2018"]
[Site "Frome ENG"]
[Date "2018.05.18"]
[Round "1.6"]
[White "Hurst, Eddie"]
[Black "Richmond, Jane"]
[Result "1/2-1/2"]
[WhiteElo "1931"]
[BlackElo "2096"]
[PlyCount "117"]
[EventDate "2018.??.??"]
[SourceVersionDate "2018.05.20"]

1. d4 Nf6 2. Bf4 b5 3. e3 Bb7 4. Nf3 a6 5. Nbd2 e6 6. c3 c5 7. Be2 Nc6 8. O-O
d5 9. Ne5 Nxe5 10. Bxe5 Nd7 11. Bg3 Rc8 12. a3 Be7 13. f4 Qb6 14. Qb3 h5 15.
Nf3 h4 16. Bf2 Bc6 17. Ne5 Nf6 18. Bf3 Ne4 19. Bxe4 dxe4 20. Nxc6 Qxc6 21. Qd1
h3 22. g3 Qd5 23. dxc5 Qxd1 24. Rfxd1 Bxc5 25. Rd2 Ke7 26. Rad1 Rcd8 27. Kf1
Rxd2 28. Rxd2 f5 29. Ke2 Rc8 30. Kd1 Rc6 31. Kc2 a5 32. Kb3 a4+ 33. Kc2 Rc8 34.
Kd1 g5 35. Ke2 Rg8 36. Rc2 Kd6 37. Rd2+ Kc6 38. Rd1 Bb6 39. Rd2 Bc7 40. Rd1 g4
41. Rd2 Rd8 42. Rxd8 Bxd8 43. Kd2 Kd5 44. Kc2 Kc4 45. Be1 Bc7 46. Bf2 Bb6 47.
Bg1 Bc5 48. Bf2 Kd5 49. Kd2 Bd6 50. Be1 e5 51. fxe5 Bxe5 52. Bf2 Bd6 53. Bg1
Kc4 54. Kc2 Bc5 55. Bf2 Bb6 56. Bg1 Bc7 57. Bf2 Bd6 58. Bg1 Bc5 59. Bf2 1/2-1/2

[Event "Frome Open 2018"]
[Site "Frome ENG"]
[Date "2018.05.18"]
[Round "1.7"]
[White "Duggan, Michael FG"]
[Black "Whitehead, Mark A"]
[Result "1/2-1/2"]
[WhiteElo "2080"]
[BlackElo "1897"]
[PlyCount "73"]
[EventDate "2018.??.??"]
[SourceVersionDate "2018.05.20"]

1. e4 c5 2. Nc3 a6 3. f4 b5 4. Nf3 Bb7 5. d3 e6 6. Qe2 d6 7. g3 Be7 8. Bg2 b4
9. Nd1 Nc6 10. O-O Nf6 11. c3 O-O 12. h3 a5 13. g4 Re8 14. Ne3 d5 15. e5 Nd7
16. Qf2 Ba6 17. Rd1 Rc8 18. d4 bxc3 19. bxc3 cxd4 20. cxd4 Nb4 21. Bf1 Bxf1 22.
Kxf1 Qb6 23. a3 Qa6+ 24. Kg1 Nc6 25. f5 Rf8 26. g5 exf5 27. Nxd5 Qb5 28. Qa2
Nb6 29. Nxb6 Qxb6 30. Be3 Qb7 31. d5 Nb8 32. Rab1 Qd7 33. d6 Bd8 34. Qd5 f4 35.
Bxf4 Qxh3 36. Nh2 Nd7 37. Qf3 1/2-1/2

[Event "Frome Open 2018"]
[Site "Frome ENG"]
[Date "2018.05.18"]
[Round "1.8"]
[White "Howells, Chris"]
[Black "Krzyzanowski, Patryk"]
[Result "0-1"]
[WhiteElo "1850"]
[BlackElo "2079"]
[PlyCount "114"]
[EventDate "2018.??.??"]
[SourceVersionDate "2018.05.20"]

1. d4 Nf6 2. c4 e6 3. Nf3 Bb4+ 4. Nbd2 O-O 5. a3 Be7 6. e4 d5 7. Bd3 dxe4 8.
Nxe4 Nc6 9. Bc2 e5 10. d5 Nxe4 11. dxc6 Qxd1+ 12. Bxd1 bxc6 13. Nxe5 Re8 14.
O-O Bc5 15. Nd3 Bd4 16. Ba4 Bb7 17. Bf4 Re7 18. Rad1 g5 19. Bc1 c5 20. Rfe1 Kf8
21. Kf1 f6 22. f3 Nd6 23. Rxe7 Kxe7 24. Re1+ Kf8 25. b3 Rd8 26. Rd1 h6 27. Bb2
Bc8 28. Bxd4 cxd4 29. g4 Nf7 30. Bc6 Ke7 31. Re1+ Kd6 32. Be4 c5 33. Kf2 Ne5
34. Nxe5 fxe5 35. b4 Be6 36. Bd3 cxb4 37. axb4 Rb8 38. c5+ Kd5 39. b5 Kxc5 40.
Rxe5+ Kd6 41. Re2 Bd7 42. Rb2 a6 43. b6 a5 44. Be4 Bc6 45. Bd3 Kc5 46. Ra2 Kxb6
47. Ke2 Re8+ 48. Kf2 Re3 49. Be2 a4 50. Rb2+ Kc5 51. Rc2+ Kd5 52. Bc4+ Kd6 53.
Be2 Rc3 54. Rb2 a3 55. Ra2 Bd5 56. Ra1 a2 57. Bd1 Kc5 0-1

[Event "Frome Open 2018"]
[Site "Frome ENG"]
[Date "2018.05.18"]
[Round "1.9"]
[White "Waddington, Mike P"]
[Black "Forster, James Connor C"]
[Result "1-0"]
[WhiteElo "2073"]
[BlackElo "1843"]
[PlyCount "43"]
[EventDate "2018.??.??"]
[SourceVersionDate "2018.05.20"]

1. Nc3 d5 2. e4 c6 3. f4 dxe4 4. Nxe4 Nf6 5. Nf2 e6 6. Nf3 Nbd7 7. b3 Bd6 8.
Nd3 Qc7 9. g3 b6 10. Bg2 Bb7 11. O-O c5 12. Bb2 O-O 13. c4 Rad8 14. Qe2 Rfe8
15. Rae1 a6 16. Nde5 h6 17. d3 Nb8 18. Ba1 Be7 19. Nxf7 Rc8 20. Qxe6 Bd8 21.
Nxh6+ Kh8 22. Qh3 1-0

[Event "Frome Open 2018"]
[Site "Frome ENG"]
[Date "2018.05.18"]
[Round "1.10"]
[White "Jukes, Sam"]
[Black "Menadue, Jeremy FS"]
[Result "1/2-1/2"]
[WhiteElo "1797"]
[BlackElo "2055"]
[PlyCount "28"]
[EventDate "2018.??.??"]
[SourceVersionDate "2018.05.20"]

1. e4 Nf6 2. e5 Nd5 3. Nc3 Nxc3 4. dxc3 d6 5. Nf3 Bg4 6. Bf4 Nc6 7. Bb5 g6 8.
Qd5 Bxf3 9. Qxf3 Qd7 10. O-O Bg7 11. Rfe1 O-O 12. g4 Nd4 13. cxd4 Qxb5 14. Qe2
Qa4 1/2-1/2

[Event "Frome Open 2018"]
[Site "Frome ENG"]
[Date "2018.05.18"]
[Round "1.11"]
[White "Anderson, Peter W"]
[Black "Hollands, George E"]
[Result "1/2-1/2"]
[WhiteElo "1977"]
[BlackElo "1766"]
[PlyCount "83"]
[EventDate "2018.??.??"]
[SourceVersionDate "2018.05.20"]

1. d4 d5 2. c4 c6 3. Nf3 Nf6 4. Nc3 dxc4 5. a4 Bf5 6. e3 e6 7. Bxc4 Bb4 8. O-O
Nbd7 9. Qe2 Bg6 10. e4 O-O 11. Bd3 Qc7 12. e5 Nd5 13. Bxg6 hxg6 14. Bd2 Nxc3
15. bxc3 Be7 16. a5 c5 17. Bg5 Nb8 18. Qe4 Nc6 19. Qh4 f6 20. exf6 gxf6 21. Bh6
Rfe8 22. Qe4 Kf7 23. d5 Nd8 24. dxe6+ Nxe6 25. Rfe1 Bf8 26. Be3 Bd6 27. Qc4 Kg7
28. Bh6+ Kxh6 29. Rxe6 Rxe6 30. Qxe6 Qe7 31. Qh3+ Kg7 32. Re1 Qf7 33. Qg4 Re8
34. Rxe8 Qxe8 35. g3 b5 36. Nh4 Kh7 37. Nxg6 Qxg6 38. Qd7+ Kh6 39. Qxd6 Qb1+
40. Kg2 Qe4+ 41. Kh3 Qf5+ 42. Kg2 1/2-1/2

[Event "Frome Open 2018"]
[Site "Frome ENG"]
[Date "2018.05.18"]
[Round "1.12"]
[White "Lewis, David"]
[Black "Gregory, Andrew M"]
[Result "0-1"]
[WhiteElo "1644"]
[BlackElo "1973"]
[PlyCount "140"]
[EventDate "2018.??.??"]
[SourceVersionDate "2018.05.20"]

1. e4 d6 2. d4 Nf6 3. Nc3 c6 4. Nf3 g6 5. Be2 Bg7 6. O-O O-O 7. Bg5 Bg4 8. Qd2
Qa5 9. Rad1 Bxf3 10. Bxf3 Nbd7 11. Rfe1 e5 12. d5 c5 13. Be2 a6 14. a4 Qb4 15.
Bf1 Kh8 16. Ra1 Qa5 17. g3 Ng8 18. Qd1 h6 19. Bd2 Qd8 20. Bh3 Nb6 21. Qe2 f5
22. a5 Nd7 23. Ra4 Qe8 24. exf5 gxf5 25. Rh4 Qg6 26. Qh5 Kh7 27. Qxg6+ Kxg6 28.
g4 Ne7 29. gxf5+ Nxf5 30. Rg4+ Kh7 31. Ne4 Nf6 32. Nxf6+ Rxf6 33. Rge4 Nd4 34.
Kf1 Raf8 35. Be3 Nxc2 36. Re2 Nd4 37. Bxd4 cxd4 38. Rd2 Rf3 39. Bg2 Rb3 40. Re1
Bf6 41. Be4+ Kg7 42. Rc1 Rf7 43. Rcc2 Bg5 44. Rd1 Rh3 45. Kg2 Rh4 46. f3 Bf4
47. h3 Rh5 48. b4 Kf6 49. Rc8 Rg7+ 50. Kf2 Rxh3 51. Ke2 Rh2+ 52. Kd3 Rb2 53.
Re8 Rgg2 54. Re6+ Kf7 55. Kc4 Bd2 56. Rxd6 Rxb4+ 57. Kd3 Rb3+ 58. Kc2 Bb4+ 59.
Kxb3 Bxd6 60. Rh1 Kg7 61. Rb1 Bc7 62. Kc4 Bxa5 63. Rxb7+ Kf6 64. Kc5 Rg7 65.
Rb8 h5 66. Re8 Re7 67. Rh8 Kg5 68. Rg8+ Kf4 69. Rf8+ Ke3 70. Kd6 Bb4+ 0-1

[Event "Frome Open 2018"]
[Site "Frome ENG"]
[Date "2018.05.19"]
[Round "2.1"]
[White "Jones, Steven A"]
[Black "Krzyzanowski, Patryk"]
[Result "1-0"]
[WhiteElo "2225"]
[BlackElo "2079"]
[PlyCount "55"]
[EventDate "2018.??.??"]
[SourceVersionDate "2018.05.20"]

1. e4 c5 2. Nf3 g6 3. c3 Bg7 4. d4 cxd4 5. cxd4 d5 6. e5 Bg4 7. Bb5+ Nc6 8. Nc3
Rc8 9. h3 Bxf3 10. Qxf3 e6 11. O-O Qb6 12. Qd3 a6 13. Bxc6+ Rxc6 14. Bd2 Ne7
15. Na4 Qc7 16. Bb4 Nf5 17. b3 b5 18. Nb2 Nxd4 19. Qxd4 Bxe5 20. Qd2 Rc2 21.
Rac1 Rxd2 22. Rxc7 Rxb2 23. Re7+ Kd8 24. Rxf7 Rxa2 25. Ra7 Bd4 26. Bc5 Bc3 27.
Rc1 Bd2 28. Bb6+ 1-0

[Event "Frome Open 2018"]
[Site "Frome ENG"]
[Date "2018.05.19"]
[Round "2.2"]
[White "Gregory, Andrew M"]
[Black "Abicht, Till Konstantin"]
[Result "0-1"]
[WhiteElo "1973"]
[BlackElo "2183"]
[PlyCount "44"]
[EventDate "2018.??.??"]
[SourceVersionDate "2018.05.20"]

1. b3 d5 2. Bb2 c5 3. e3 Nc6 4. Nf3 e6 5. d4 Nf6 6. Be2 Bd6 7. O-O O-O 8. Ne5
Qc7 9. f4 a6 10. a4 Rb8 11. c4 Rd8 12. Nd2 Qb6 13. Nxc6 bxc6 14. b4 Qxb4 15.
Ba3 Qc3 16. Rf3 Ne4 17. Nxe4 dxe4 18. Rg3 cxd4 19. exd4 e3 20. Bd3 Bxf4 21.
Rxg7+ Kxg7 22. Be7 e2 0-1

[Event "Frome Open 2018"]
[Site "Frome ENG"]
[Date "2018.05.19"]
[Round "2.3"]
[White "Weatherlake, John P"]
[Black "Waddington, Mike P"]
[Result "0-1"]
[WhiteElo "2132"]
[BlackElo "2073"]
[PlyCount "68"]
[EventDate "2018.??.??"]
[SourceVersionDate "2018.05.20"]

1. e4 e5 2. Nc3 Bc5 3. Bc4 Nc6 4. a3 d6 5. Na4 Nf6 6. b4 Bb6 7. d3 O-O 8. Nxb6
axb6 9. Bg5 h6 10. Bh4 g5 11. Bg3 Be6 12. f3 Nh5 13. Ne2 Kh7 14. c3 Qe7 15. Bb3
f5 16. exf5 Bxf5 17. Bc2 Nf4 18. Rg1 Kh8 19. Qd2 Rfe8 20. Bf2 Qh7 21. Nc1 Re7
22. Be3 d5 23. h4 d4 24. Bxf4 exf4+ 25. Kf2 Qg7 26. Ne2 Rae8 27. Rae1 dxc3 28.
Qc1 Nd4 29. Nxc3 Nxc2 30. Rxe7 Qd4+ 31. Kf1 Rxe7 32. Ne4 Qxd3+ 33. Kf2 Bxe4 34.
fxe4 Qg3+ 0-1

[Event "Frome Open 2018"]
[Site "Frome ENG"]
[Date "2018.05.19"]
[Round "2.4"]
[White "de Coverly, Roger D"]
[Black "Stoyanov, Viktor"]
[Result "0-1"]
[WhiteElo "1943"]
[BlackElo "2129"]
[PlyCount "118"]
[EventDate "2018.??.??"]
[SourceVersionDate "2018.05.20"]

1. e4 c5 2. Nf3 d6 3. d4 cxd4 4. Nxd4 Nf6 5. Nc3 a6 6. Bg5 e6 7. f4 h6 8. Bh4
Qb6 9. a3 Nbd7 10. Bf2 Qc7 11. Be2 Be7 12. Bf3 Rb8 13. Qe2 g5 14. g3 b5 15. e5
dxe5 16. Nc6 g4 17. Bg2 exf4 18. gxf4 Nh5 19. Nd5 Qd6 20. Ncxe7 exd5 21. Nxc8+
Qe6 22. Nd6+ Kf8 23. Qxe6 fxe6 24. Bd4 Rg8 25. O-O-O Ke7 26. Be5 Rb6 27. Rhe1
Rf8 28. Rd4 Rxd6 29. Bxd6+ Kxd6 30. Rf1 Ndf6 31. b3 Ng7 32. Kb2 Nf5 33. Rd3 a5
34. c3 Rc8 35. Re1 Nh5 36. Rf1 Nh4 37. Rd2 Rf8 38. Bh1 Rxf4 39. Rxf4 Nxf4 40.
c4 bxc4 41. bxc4 Nf5 42. cxd5 exd5 43. Kb3 Ne3 44. Ka4 Nc4 45. Rf2 Ke5 46. Bg2
d4 47. Kb3 Ne3 48. Bb7 Nd3 49. Rf7 Nc5+ 50. Kb2 Nc4+ 51. Kc1 Nd6 52. Rh7 Ndxb7
53. Rxh6 d3 54. Rh4 Ne4 55. Rh8 Nbc5 56. Kd1 Kd4 57. Rf8 Ke3 58. Rd8 Na4 59.
Rd7 Nac3+ 0-1

[Event "Frome Open 2018"]
[Site "Frome ENG"]
[Date "2018.05.19"]
[Round "2.5"]
[White "Whitehead, Mark A"]
[Black "Villiers, Thomas"]
[Result "1-0"]
[WhiteElo "1897"]
[BlackElo "2195"]
[PlyCount "111"]
[EventDate "2018.??.??"]
[SourceVersionDate "2018.05.20"]

1. e4 e6 2. Qe2 e5 3. f4 d6 4. Nf3 Nc6 5. c3 Be7 6. d3 Bg4 7. f5 g6 8. h3 Bh4+
9. Kd1 Bxf3 10. Qxf3 Bg5 11. Nd2 gxf5 12. Qxf5 Qf6 13. Qxf6 Nxf6 14. Be2 Rg8
15. Bf3 O-O-O 16. Nf1 d5 17. Kc2 d4 18. Nh2 Rd6 19. Bxg5 Rxg5 20. g4 Nd7 21. h4
Rg8 22. Be2 Nc5 23. g5 f6 24. Rhg1 fxg5 25. hxg5 Rdg6 26. Bg4+ Kd8 27. Nf3 Rd6
28. b4 Nd7 29. b5 Ncb8 30. c4 h6 31. Bf5 hxg5 32. Rxg5 Rxg5 33. Nxg5 Ke7 34.
Rh1 Nf6 35. Nf3 Nbd7 36. Rh8 c6 37. bxc6 Rxc6 38. Bxd7 Nxd7 39. Rh7+ Kd6 40.
Rxd7+ Kxd7 41. Nxe5+ Kd6 42. Nxc6 bxc6 43. Kb3 Kc5 44. Ka4 Kb6 45. Kb4 c5+ 46.
Ka4 Kc6 47. Ka5 Kd6 48. Kb5 Ke6 49. Kxc5 Ke5 50. Kb4 Kf4 51. Kb3 Ke3 52. Kc2
Kf4 53. c5 Ke5 54. Kb3 a5 55. a4 Ke6 56. Kc4 1-0

[Event "Frome Open 2018"]
[Site "Frome ENG"]
[Date "2018.05.19"]
[Round "2.6"]
[White "Harman, Kenneth"]
[Black "Adaway, William"]
[Result "1/2-1/2"]
[WhiteElo "2140"]
[BlackElo "1864"]
[PlyCount "60"]
[EventDate "2018.??.??"]
[SourceVersionDate "2018.05.20"]

1. e4 g6 2. d4 Bg7 3. Nc3 c6 4. h3 d6 5. f4 Nf6 6. Nf3 O-O 7. Bd3 b5 8. O-O b4
9. Ne2 Ba6 10. Bxa6 Nxa6 11. Qd3 Qb6 12. c4 c5 13. d5 Nd7 14. Ng3 Nc7 15. Kh1
Rad8 16. Rf2 e6 17. Rb1 exd5 18. exd5 f5 19. b3 Nf6 20. Bb2 Rde8 21. Ng5 Re7
22. Re2 Rxe2 23. Nxe2 Qa6 24. Bxf6 Bxf6 25. Qd2 Qc8 26. Ng1 h6 27. N5f3 Re8 28.
Re1 Rxe1 29. Qxe1 Qe8 30. Qxe8+ Nxe8 1/2-1/2

[Event "Frome Open 2018"]
[Site "Frome ENG"]
[Date "2018.05.19"]
[Round "2.7"]
[White "Hutchings, Roger"]
[Black "Headlong, Timothy"]
[Result "0-1"]
[WhiteElo "1856"]
[BlackElo "2128"]
[PlyCount "52"]
[EventDate "2018.??.??"]
[SourceVersionDate "2018.05.20"]

1. d4 d5 2. c4 e6 3. Nf3 c5 4. cxd5 exd5 5. g3 Nc6 6. Nc3 Nf6 7. Bg2 Be7 8. O-O
O-O 9. dxc5 Bxc5 10. Bg5 d4 11. Bxf6 Qxf6 12. Ne4 Qe7 13. Nxc5 Qxc5 14. Rc1 Qb6
15. Qc2 h6 16. Rfd1 Be6 17. b3 Rfd8 18. Rd2 a5 19. Rcd1 a4 20. bxa4 Qa7 21. Rb1
Rd7 22. Ne1 Qxa4 23. Rxb7 Qxc2 24. Rxc2 Rxb7 25. Bxc6 Rb1 26. Bxa8 Bh3 0-1

[Event "Frome Open 2018"]
[Site "Frome ENG"]
[Date "2018.05.19"]
[Round "2.8"]
[White "Martin, Lewis"]
[Black "Turner, Joseph D"]
[Result "0-1"]
[WhiteElo "2109"]
[BlackElo "1855"]
[PlyCount "64"]
[EventDate "2018.??.??"]
[SourceVersionDate "2018.05.20"]

1. e4 e5 2. Nf3 Nc6 3. Bb5 f5 4. d3 fxe4 5. dxe4 Nf6 6. O-O Bd6 7. Nc3 a6 8.
Ba4 b5 9. Bb3 Na5 10. Bg5 Nxb3 11. axb3 Bb7 12. Nd5 Bxd5 13. exd5 O-O 14. Re1
h6 15. Bh4 e4 16. Nd4 Qe7 17. c4 g5 18. Nf5 Bxh2+ 19. Kxh2 Qe5+ 20. Bg3 Qxf5
21. Qc2 bxc4 22. bxc4 d6 23. Ra3 h5 24. f3 h4 25. Bf2 Qe5+ 26. Kg1 Rab8 27. Re2
Rbe8 28. Rae3 Qf4 29. fxe4 Ng4 30. Rf3 Qh2+ 31. Kf1 Qh1+ 32. Bg1 Nh2+ 0-1

[Event "Frome Open 2018"]
[Site "Frome ENG"]
[Date "2018.05.19"]
[Round "2.9"]
[White "Richmond, Jane"]
[Black "Howell, Oliver W"]
[Result "0-1"]
[WhiteElo "2096"]
[BlackElo "1831"]
[PlyCount "54"]
[EventDate "2018.??.??"]
[SourceVersionDate "2018.05.20"]

1. e4 e6 2. d4 d5 3. Nc3 Bb4 4. e5 Ne7 5. Nf3 c5 6. Bd2 Nf5 7. Ne2 Bxd2+ 8.
Qxd2 b6 9. g4 Nh4 10. Nxh4 Qxh4 11. Nf4 Ba6 12. dxc5 Bxf1 13. Rxf1 bxc5 14.
O-O-O O-O 15. Rde1 Nc6 16. Re3 Qg5 17. Nd3 c4 18. f4 Qe7 19. Ne1 d4 20. Rh3 c3
21. Qd3 g6 22. Qe4 Nb4 23. a3 Na2+ 24. Kb1 Rab8 25. b3 Qxa3 26. Nd3 Nb4 27.
Qxd4 Qa2+ 0-1

[Event "Frome Open 2018"]
[Site "Frome ENG"]
[Date "2018.05.19"]
[Round "2.10"]
[White "Clancy, Martin J"]
[Black "Duggan, Michael FG"]
[Result "0-1"]
[WhiteElo "1820"]
[BlackElo "2080"]
[PlyCount "42"]
[EventDate "2018.??.??"]
[SourceVersionDate "2018.05.20"]

1. e4 c6 2. d4 d5 3. Nc3 dxe4 4. f3 exf3 5. Nxf3 Bg4 6. Bc4 e6 7. O-O Nf6 8. h3
Bh5 9. g4 Bg6 10. Ne5 Nbd7 11. Nxg6 hxg6 12. Qf3 Nb6 13. Bb3 Qd7 14. Bf4 c5 15.
a4 Qc6 16. Qg3 cxd4 17. a5 dxc3 18. axb6 Bc5+ 19. Kh2 O-O 20. Be5 cxb2 21. Bxb2
Bd6 0-1

[Event "Frome Open 2018"]
[Site "Frome ENG"]
[Date "2018.05.19"]
[Round "2.11"]
[White "Menadue, Jeremy FS"]
[Black "Kramaley, David"]
[Result "0-1"]
[WhiteElo "2055"]
[BlackElo "1819"]
[PlyCount "60"]
[EventDate "2018.??.??"]
[SourceVersionDate "2018.05.20"]

1. d4 d5 2. c4 e6 3. Nc3 Be7 4. Nf3 Nf6 5. Bg5 h6 6. Bxf6 Bxf6 7. e3 O-O 8. Qd2
dxc4 9. Bxc4 c5 10. dxc5 Nd7 11. Ne4 Be7 12. Rd1 Qc7 13. b4 b6 14. Nd6 Rd8 15.
Nxf7 Kxf7 16. Bxe6+ Kf8 17. Qc2 Nf6 18. Rxd8+ Bxd8 19. Nd4 bxc5 20. bxc5 Qe7
21. Bb3 Ba5+ 22. Kd1 Bd7 23. Qc4 Rc8 24. c6 Bxc6 25. Qa6 Qd8 26. Ke2 Bd7 27.
Rd1 Qb6 28. Qd3 a6 29. Kf3 Qb7+ 30. e4 Rc3 0-1

[Event "Frome Open 2018"]
[Site "Frome ENG"]
[Date "2018.05.19"]
[Round "2.12"]
[White "Hamilton, Selwyn LL"]
[Black "Anderson, Peter W"]
[Result "0-1"]
[WhiteElo "1678"]
[BlackElo "1977"]
[PlyCount "40"]
[EventDate "2018.??.??"]
[SourceVersionDate "2018.05.20"]

1. c4 g6 2. Nf3 Bg7 3. g3 d6 4. d4 Nd7 5. Bg2 e5 6. e4 Ne7 7. Nc3 O-O 8. O-O c5
9. dxe5 dxe5 10. Qe2 Nc6 11. Rd1 Nd4 12. Nxd4 cxd4 13. Nd5 b6 14. Bg5 Qxg5 15.
Nc7 Rb8 16. Rac1 Nc5 17. b4 Ne6 18. Nb5 Qe7 19. c5 bxc5 20. bxc5 Ba6 0-1

[Event "Frome Open 2018"]
[Site "Frome ENG"]
[Date "2018.05.19"]
[Round "2.13"]
[White "Hollands, George E"]
[Black "Hurst, Eddie"]
[Result "1-0"]
[WhiteElo "1766"]
[BlackElo "1931"]
[PlyCount "75"]
[EventDate "2018.??.??"]
[SourceVersionDate "2018.05.20"]

1. d4 c6 2. c4 d5 3. Nf3 Nf6 4. Nc3 dxc4 5. a4 Bf5 6. e3 e6 7. Bxc4 Bb4 8. O-O
O-O 9. Qe2 Ne4 10. Bd2 Qa5 11. Nxe4 Bxe4 12. Bxb4 Qxb4 13. Ne5 Qe7 14. f3 Bg6
15. Nxg6 hxg6 16. a5 a6 17. Qd2 Nd7 18. Rfe1 e5 19. e4 exd4 20. Qxd4 Rfd8 21.
Qc3 Ne5 22. Be2 g5 23. Rad1 Ng6 24. Bc4 Ne5 25. Bb3 Qc7 26. Rd5 Rxd5 27. exd5
Ng6 28. dxc6 bxc6 29. Rc1 Rc8 30. Bc4 Nf4 31. g3 Nh5 32. Kg2 Qa7 33. Qe5 Nf6
34. Qxg5 Qd4 35. Rc2 Rb8 36. b3 Ne4 37. Qf4 Re8 38. Bxf7+ 1-0

[Event "Frome Open 2018"]
[Site "Frome ENG"]
[Date "2018.05.19"]
[Round "2.14"]
[White "Fallowfield, Nicholas"]
[Black "Jukes, Sam"]
[Result "1/2-1/2"]
[WhiteElo "1908"]
[BlackElo "1797"]
[PlyCount "37"]
[EventDate "2018.??.??"]
[SourceVersionDate "2018.05.20"]

1. Nf3 d5 2. c4 d4 3. b4 f6 4. e3 dxe3 5. fxe3 Bf5 6. d4 e5 7. Qa4+ Qd7 8.
Qxd7+ Nxd7 9. a3 Nh6 10. Nc3 c6 11. Be2 Bd6 12. c5 Bc7 13. e4 exd4 14. exf5
dxc3 15. Bxh6 gxh6 16. Nd4 Be5 17. Bh5+ Kf8 18. Ne6+ Ke7 19. O-O 1/2-1/2

[Event "Frome Open 2018"]
[Site "Frome ENG"]
[Date "2018.05.19"]
[Round "2.15"]
[White "Bourne, Jonathan"]
[Black "Small, Simon"]
[Result "1/2-1/2"]
[WhiteElo "1934"]
[BlackElo "2245"]
[PlyCount "51"]
[EventDate "2018.??.??"]
[SourceVersionDate "2018.05.20"]

1. e4 c6 2. d4 d5 3. exd5 cxd5 4. c4 Nf6 5. Nc3 e6 6. Nf3 Be7 7. cxd5 exd5 8.
Be2 Nc6 9. O-O O-O 10. a3 Ne4 11. Qc2 Nxc3 12. bxc3 Bf6 13. Bd3 h6 14. Bf4 Be6
15. Rab1 Rc8 16. Qa4 Qa5 17. Qb3 g5 18. Be3 Ne7 19. Rfc1 Nf5 20. h3 Nxe3 21.
fxe3 Rc7 22. Rc2 Rfc8 23. Rbc1 Kg7 24. Qb4 Qxb4 25. cxb4 Rxc2 26. Rxc2 1/2-1/2

[Event "Frome Open 2018"]
[Site "Frome ENG"]
[Date "2018.05.19"]
[Round "2.16"]
[White "Howells, Chris"]
[Black "Waterfield, John W"]
[Result "0-1"]
[WhiteElo "1850"]
[BlackElo "1942"]
[PlyCount "44"]
[EventDate "2018.??.??"]
[SourceVersionDate "2018.05.20"]

1. d4 Nf6 2. c4 c5 3. d5 b5 4. cxb5 a6 5. e3 axb5 6. Bxb5 Qa5+ 7. Nc3 Bb7 8.
Bc4 e6 9. Bd2 Qb6 10. e4 Nxe4 11. Nf3 Nxc3 12. Bxc3 exd5 13. Bxd5 Bxd5 14. Qxd5
Qe6+ 15. Qe5 Nc6 16. Qe2 d5 17. Ng5 Qxe2+ 18. Kxe2 Be7 19. Nf3 O-O 20. Ne5 Ra6
21. a3 Nxe5 22. Bxe5 Re6 0-1